000 00628nam a2200241Ia 4500
003 OSt
005 20220918202504.0
006 a|||||r|||| 00| 0
007 ta
008 220917b |||||||| |||| 00| 0 eng d
024 _a101,622
037 _cTextual
040 _aARTS
_cARTS
_beng
041 _2eng
_aeng
082 _aV236y7M81, M1
100 _aVerma D C
_9103237
245 0 _aSir Chhotu Ram
_b life and times
260 _aNew Delhi
_bSterling Pub
_c1981
300 _aix,22p. illus
_ccm.
650 _aHISTORY
942 _hV236y7M81, M1
_cTEXL
_2CC
999 _c225098
_d225098